Т. 40, № 9; Химическая физика

Detalhes bibliográficos
Parent link:Химическая физика/ Российская академия наук (РАН), Отделение химии и наук о материалах РАН. Т. 40, № 9.— , 1983-
Idioma:russo
Publicado em: 2021
Acesso em linha:https://sciencejournals.ru/view-issue/?j=khimfiz&y=2021&v=40&n=9
Formato: Recurso Electrónico Livro
KOHA link:https://koha.lib.tpu.ru/cgi-bin/koha/opac-detail.pl?biblionumber=589865

MARC

LEADER 00000nam2a2200000 4500
001 589865
005 20231101131559.0
035 |a (RuTPU)RU\TPU\prd\292581 
035 |a RU\TPU\prd\292580 
090 |a 589865 
100 |a 20230126a19829999k y0rusy50 ca 
101 0 |a rus 
102 |a RU 
181 0 |a i  
182 0 |a b 
200 0 |a Т. 40, № 9  |b Электронный ресурс 
203 |a Текст  |c электронный 
210 |d 2021 
461 1 |0 (RuTPU)RU\TPU\prd\417  |t Химическая физика  |f Российская академия наук (РАН), Отделение химии и наук о материалах РАН  |v Т. 40, № 9  |d 1983- 
801 0 |a RU  |b 63413507  |c 20010227  |g PSBO 
801 1 |a RU  |b 63413507  |c 20170904 
801 2 |a RU  |b 63413507  |c 20230126  |g RCR 
856 4 0 |u https://sciencejournals.ru/view-issue/?j=khimfiz&y=2021&v=40&n=9 
942 |c BK